000 01166nam a22002777a 4500
005 20170124103153.0
010 _aB-112755
020 _c140.00
_a8123010915
035 _aB-112755
037 _bCen Lib/Ret
040 _aDPL
_bHN
082 _a582.16
_bराजेश्व
100 _aराजेश्वर प्रसाद
_988623
245 _aहमारे वृक्ष /
_cराजेश्वर प्रसाद [एवं] नारायण सिंह
246 _aHamare vriksh /
_bby Rajeshwar Prasad [evam] Narayan SIngh
250 _a4th ed
260 _bप्रकाशन विभाग
_aनयी दिल्ली
_c2003
270 _aपटियाला हाउस
_bनयी दिल्ली
_e110001
300 _a170पृ.:
_c20सेमी (सजिल्द)
_bसचित्र
650 _aबॉटनी
_988624
650 _aवृक्ष--विभिन्न प्रकार
_988625
650 _aBotany
_988626
650 _aTree - Variety
_988627
700 _aनारायण सिंह
_988628
942 _2ddc
_cHN
_h582.16
_mराजेश्व
999 _c120118
_d120118